Applied kinematics for students and mechanical designers (Record no. 1311)

000 -LEADER
fixed length control field 00444nam a22001577a 4500
008 - FIXED-LENGTH DATA ELEMENTS--GENERAL INFORMATION
fixed length control field 200122b ||||| |||| 00| 0 eng d
082 00 - DEWEY DECIMAL CLASSIFICATION NUMBER
Classification number 621.81
Item number B5983
100 ## - MAIN ENTRY--PERSONAL NAME
9 (RLIN) 905
Personal name Billings, J. Harland.
245 10 - TITLE STATEMENT
Title Applied kinematics for students and mechanical designers
250 ## - EDITION STATEMENT
Edition statement 2nd
260 ## - PUBLICATION, DISTRIBUTION, ETC. (IMPRINT)
Place of publication, distribution, etc New York
Name of publisher, distributor, etc D. Van Nostrand Company
Date of publication, distribution, etc 1943
300 ## - PHYSICAL DESCRIPTION
Extent ix,320p.
365 ## - TRADE PRICE
Unit of pricing 12.01
650 #0 - SUBJECT ADDED ENTRY--TOPICAL TERM
Topical term or geographic name as entry element Machinery
942 ## - ADDED ENTRY ELEMENTS (KOHA)
Item type Books
Holdings
Withdrawn status Lost status Source of classification or shelving scheme Damaged status Not for loan Permanent location Current location Date acquired Source of acquisition Full call number Barcode Date last seen Koha item type
          IMU Kolkata IMU Kolkata 1952-12-29 Wheeler 621.81 B5983 01031 2020-01-22 Books
          IMU Kolkata IMU Kolkata 1952-12-29 Wheeler 621.81 B5983 01032 2020-01-22 Books
Designed and Maintained by IMU-KC Library, Kolkata Campus © Copyright All Rights Reserved

webs counters

Powered by Koha